Fuel Cell Engines / (Record no. 16412)
[ view plain ]
| 000 -LEADER | |
|---|---|
| fixed length control field | 03629cam a2200289 a 4500 |
| 001 - CONTROL NUMBER | |
| control field | 15078674 |
| 005 - DATE AND TIME OF LATEST TRANSACTION | |
| control field | 20080331145043.0 |
| 008 - FIXED-LENGTH DATA ELEMENTS--GENERAL INFORMATION | |
| fixed length control field | 071113s2008 njua b 001 0 eng |
| 020 ## - INTERNATIONAL STANDARD BOOK NUMBER | |
| International Standard Book Number | 9780471689584 (cloth) |
| 020 ## - INTERNATIONAL STANDARD BOOK NUMBER | |
| International Standard Book Number | 0471689580 (cloth) |
| 040 ## - CATALOGING SOURCE | |
| Original cataloging agency | DLC |
| Transcribing agency | DLC |
| Modifying agency | BAKER |
| -- | C#P |
| -- | YDXCP |
| -- | OUP |
| -- | DLC |
| 082 00 - DEWEY DECIMAL CLASSIFICATION NUMBER | |
| Classification number | 621.312429 |
| Edition number | 22 |
| Item number | MEN |
| 100 1# - MAIN ENTRY--PERSONAL NAME | |
| Personal name | Mench, Matthew M. |
| 9 (RLIN) | 28695 |
| 245 10 - TITLE STATEMENT | |
| Title | Fuel Cell Engines / |
| Statement of responsibility, etc | Matthew M. Mench. |
| 260 ## - PUBLICATION, DISTRIBUTION, ETC. (IMPRINT) | |
| Place of publication, distribution, etc | Hoboken, N.J. : |
| Name of publisher, distributor, etc | John Wiley & Sons, |
| Date of publication, distribution, etc | c2008. |
| 300 ## - PHYSICAL DESCRIPTION | |
| Extent | xi, 515 p. : |
| Other physical details | ill. ; |
| Dimensions | 25 cm. |
| 504 ## - BIBLIOGRAPHY, ETC. NOTE | |
| Bibliography, etc | Includes bibliographical references and index. |
| 505 0# - FORMATTED CONTENTS NOTE | |
| Formatted contents note | 1. Introduction to Fuel Cells -- Preliminary remarks -- Fuel cells as electrochemical engines -- Generic fuel cell and stack -- Classification of fuel cells -- Potential fuel cell applications and markets -- History of fuel cell development -- Summary -- 2. Basic Electrochemical Principles -- Electrochemical versus chemical reactions -- Electrochemical reaction -- Scientific units, constants, and basic laws -- Faraday's Laws: consumption and production of species -- Measures of reactant utilization efficiency -- The generic fuel cell -- Summary -- 3. Thermodynamics of Fuel Cell Systems -- Physical nature of thermodynamic variables -- Heat of formation, sensible enthalpy, and latent heat -- Determination of change in enthalpy for nonreacting species and mixtures -- Determination of change in enthalpy for reacting species and mixtures -- Psychrometrics: thermodynamics of moist air mixtures -- Thermodynamic efficiency of a fuel cell -- Maximum expected open-circuit voltage: Nernst voltage -- Summary -- 4. Performance Characterization of Fuel Cell Systems -- Polarization curve -- Region I: activation polarization -- Region II: ohmic polarization -- Region III: concentration polarization -- Region IV: other polarization losses -- Polarization curve model summary -- Summary -- 5. Transport in Fuel Cell Systems -- Ion transport in an electrolyte -- Electron transport -- Gas-phase mass transport -- Single-phase flow in channels -- Multiphase mass transport in channels and porous media -- Heat generation and transport -- Summary -- 6. Polymer Electrolyte Fuel Cells -- Hydrogen PEFC -- Water balance in PEFC -- PEFC flow field configurations and stack design -- Direct alcohol polymer electrolyte cells -- PEFC degradation -- Multidimensional effects -- Summary -- 7. Other Fuel Cells -- Solid oxide fuel cells -- Molten carbonate fuel cells -- Phosphoric acid fuel cells -- Alkaline fuel cells -- Biological and other fuel cells -- Summary -- 8. Hydrogen Storage, Generation, and Delivery -- Modes of storage -- Modes of generation -- Hydrogen delivery -- Overall hydrogen infrastructure development -- Summary -- 9. Experimental Diagnostics and Diagnosis -- Electrochemical methods to understand polarization curve losses -- Physical probes and visualization -- Degradation measurements -- Summary. |
| 650 #0 - SUBJECT ADDED ENTRY--TOPICAL TERM | |
| Topical term or geographic name as entry element | Fuel cells. |
| 9 (RLIN) | 28696 |
| 653 ## - INDEX TERM--UNCONTROLLED | |
| Resource For college | |
| -- | |
| Arrived date list | February2012 |
| 856 42 - ELECTRONIC LOCATION AND ACCESS | |
| Materials specified | Contributor biographical information |
| Uniform Resource Identifier | <a href="http://www.loc.gov/catdir/enhancements/fy0805/2007046855-b.html">http://www.loc.gov/catdir/enhancements/fy0805/2007046855-b.html</a> |
| 856 42 - ELECTRONIC LOCATION AND ACCESS | |
| Materials specified | Publisher description |
| Uniform Resource Identifier | <a href="http://www.loc.gov/catdir/enhancements/fy0805/2007046855-d.html">http://www.loc.gov/catdir/enhancements/fy0805/2007046855-d.html</a> |
| 856 41 - ELECTRONIC LOCATION AND ACCESS | |
| Materials specified | Table of contents only |
| Uniform Resource Identifier | <a href="http://www.loc.gov/catdir/enhancements/fy0805/2007046855-t.html">http://www.loc.gov/catdir/enhancements/fy0805/2007046855-t.html</a> |
| 942 ## - ADDED ENTRY ELEMENTS (KOHA) | |
| Source of classification or shelving scheme | Dewey Decimal Classification |
| Item type | Book - Borrowing |
| Withdrawn status | Item status | Source of classification or shelving scheme | Damaged status | Not for loan | Vendor | Home library | Current library | Shelving location | Date acquired | Source of acquisition | Cost, normal purchase price | Serial Enumeration / chronology | Total Checkouts | Total Renewals | Full call number | Barcode | Date last seen | Date last borrowed | Koha item type |
|---|---|---|---|---|---|---|---|---|---|---|---|---|---|---|---|---|---|---|---|
| Dewey Decimal Classification | MERIC | Central Library | Central Library | First floor | 07/02/2012 | 1069.00 | 13167 | 1 | 5 | 621.312429 MEN | 000026015 | 15/07/2025 | 12/05/2019 | Book - Borrowing |